Czasowniki Nieregularne - Statystyki

Ogólne statystyki
  • Ten quiz został rozwiązany 199 razy
    23 od ostatniego zresetowania
  • Średni wynik to 106 z 389
Statystyki odpowiedzi
Odpowiedź % Poprawnych
was / were
92%
began
77%
bought
77%
bought
77%
became
69%
begun
69%
być
69%
chose
69%
drank
69%
been
62%
bit
62%
broke
62%
broken
62%
chosen
62%
cost
62%
cost
62%
cut
62%
cut
62%
kupować
62%
ate
54%
beat
54%
become
54%
bet
54%
bet
54%
bitten
54%
budować
54%
built
54%
built
54%
caught
54%
caught
54%
did
54%
done
54%
drew
54%
driven
54%
drove
54%
drunk
54%
eaten
54%
fallen
54%
fell
54%
felt
54%
felt
54%
łapać / chwytać
54%
awoke
46%
awoken
46%
beaten
46%
blew
46%
blown
46%
came
46%
ciąć
46%
come
46%
drawn
46%
flew
46%
flown
46%
forgot
46%
forgotten
46%
fought
46%
fought
46%
found
46%
found
46%
gave
46%
given
46%
had
46%
jeść
46%
kosztować
46%
latać
46%
pić
46%
robić
46%
rysować / ciąć
46%
went
46%
arisen
38%
arose
38%
bić
38%
brought
38%
brought
38%
budzić
38%
burnt
38%
burnt
38%
burst
38%
burst
38%
chować
38%
could / was able
38%
czuć
38%
dawać
38%
dreamt
38%
dreamt
38%
gone
38%
got
38%
got
38%
grew
38%
grown
38%
had
38%
heard
38%
heard
38%
held
38%
held
38%
hid
38%
hidden
38%
hit
38%
hit
38%
hurt
38%
hurt
38%
kept
38%
kept
38%
knew
38%
known
38%
łamać
38%
mieć
38%
przychodzić
38%
ranić
38%
rozpoczynać
38%
słyszeć
38%
spadać
38%
walczyć
38%
wiać / dmuchać
38%
wybierać
38%
zapominać
38%
znać / wiedzieć
38%
biec
31%
bled
31%
bled
31%
bred
31%
bred
31%
czytać
31%
dzwonić
31%
forgave
31%
forgiven
31%
froze
31%
iść / jechać
31%
jeździć
31%
kłaść
31%
lost
31%
lost
31%
made
31%
made
31%
marzyć / śnić
31%
met
31%
met
31%
mówić
31%
paid
31%
paid
31%
palić / płonąć
31%
płacić
31%
produkować
31%
prowadzić
31%
przynosić
31%
put
31%
put
31%
ran
31%
rang
31%
read
31%
read
31%
ridden
31%
risen
31%
rode
31%
rose
31%
rosnąć
31%
rung
31%
said
31%
said
31%
saw
31%
seen
31%
sent
31%
sent
31%
sold
31%
sold
31%
spotykać
31%
sprzedawać
31%
stawać się
31%
trzymać
31%
uderzać
31%
widzieć
31%
won
31%
won
31%
wygrywać
31%
wysyłać
31%
znaleźć
31%
brać
23%
dostawać
23%
frozen
23%
ground
23%
ground
23%
gryźć / kąsać
23%
gubić / tracić
23%
krwawić
23%
laid
23%
laid
23%
lay
23%
learnt
23%
learnt
23%
left
23%
left
23%
lent
23%
lent
23%
let
23%
let
23%
lit
23%
lit
23%
meant
23%
meant
23%
mówić
23%
mrozić
23%
nosić / ubierać
23%
opuszczać
23%
pływać
23%
pokazywać
23%
powiedzieć
23%
powstawać
23%
pozwalać
23%
pożyczać
23%
rozumieć
23%
run
23%
sang
23%
sat
23%
sat
23%
set
23%
set
23%
shot
23%
shot
23%
shown
23%
shut
23%
shut
23%
siadać
23%
slept
23%
slept
23%
spać
23%
spent
23%
spent
23%
śpiewać
23%
spoke
23%
spoken
23%
strzelać
23%
sung
23%
swam
23%
swum
23%
taken
23%
taught
23%
taught
23%
told
23%
told
23%
took
23%
trzymać
23%
uczyć (kogoś)
23%
uczyć (się)
23%
understood
23%
understood
23%
ustalać
23%
woke
23%
woken
23%
wore
23%
worn
23%
written
23%
wrote
23%
zamykać
23%
bent
15%
bent
15%
bore
15%
budzić
15%
dealt
15%
dealt
15%
dug
15%
dug
15%
forbidden
15%
hung
15%
hung
15%
kłamać
15%
kłaść
15%
kraść
15%
lain
15%
leant
15%
leant
15%
leapt
15%
leapt
15%
led
15%
led
15%
leżeć / kłaść się
15%
lied
15%
literować
15%
mistaken
15%
mistook
15%
misunderstood
15%
misunderstood
15%
móc / potrafić
15%
myśleć / sądzić
15%
pachnieć / wąchać / czuć
15%
pisać
15%
przysięgać / przeklinać
15%
rzucać
15%
sank
15%
shaken
15%
shook
15%
showed
15%
slid
15%
slid
15%
smelt
15%
smelt
15%
spelt
15%
spelt
15%
split
15%
split
15%
spoilt
15%
spoilt
15%
stać
15%
stole
15%
stolen
15%
stood
15%
stood
15%
sunk
15%
swore
15%
sworn
15%
thought
15%
thought
15%
threw
15%
thrown
15%
tonąć / zatapiać
15%
tore
15%
torn
15%
trząść
15%
wybaczać
15%
wybuchać
15%
zakładać się
15%
zapalać
15%
znaczyć
15%
been able
8%
born(e)
8%
broadcast
8%
broadcast
8%
clung
8%
clung
8%
crept
8%
crept
8%
czołgać się / pełzać
8%
forbade
8%
hodować / rozmnażać się
8%
kopać
8%
kurczyć (się)
8%
mielić / ścierać (proch)
8%
pomylić (się)
8%
prowadzić
8%
przesuwać
8%
przylegać / przyczepiać
8%
ranić
8%
shone
8%
shone
8%
shrank
8%
shrunk
8%
śmierdzieć
8%
sought
8%
sought
8%
spędzać
8%
stank
8%
stuck
8%
stuck
8%
stung
8%
stung
8%
stunk
8%
świecić
8%
szukać / poszukiwać
8%
transmitować
8%
uciekać
8%
uderzać / strajkować
8%
wept
8%
wept
8%
wieszać
8%
zabraniać / zakazywać
8%
zginać / kłaniać
8%
znosić, rodzić (się)
8%
fled
0%
fled
0%
okręcać / owijać
0%
popsuć / rozpieścić
0%
przylepiać / utknąć
0%
rozdzielać / rozłączać
0%
rwać / rozrywać
0%
skakać / przeskakiwać
0%
struck
0%
struck
0%
szlochać / łkać
0%
tkać /prząść
0%
wound
0%
wound
0%
wounded
0%
wounded
0%
wove
0%
woven
0%
współpracować / rozprowadzać
0%
wychylać (się) / pochylać
0%
wznosić się
0%
żądlić
0%
źle zrozumieć
0%
Nie znaleziono quizów pasujących do podanych kryteriów
Rozkład punktacji
Procent ludzi z każdym wynikiem
Percentyl według liczby udzielonych odpowiedzi
Twoja historia wyników
Nie rozwiązałeś tego quizu od ostatniego zresetowania